| 000 | 01148nam a22003137a 4500 | ||
|---|---|---|---|
| 003 | CHAP | ||
| 005 | 20220329140123.0 | ||
| 008 | 971013s1953 r 10010 d | ||
| 010 | _a47280 | ||
| 011 | _a48252 | ||
| 035 | _a52397 | ||
| 040 | _cCHAP | ||
| 082 |
_a026.006 _bR4 1953 |
||
| 111 | 0 | 0 |
_aReunión Técnica de Bibliotecarios Agrícolas de América Latina ( _d1953 _c: Turrialba) _996661 |
| 245 | _aInforme final | ||
| 260 |
_aTurrialba : _bInstituto Interamericano de Cooperación para la Agricultura, _c1953 |
||
| 300 | _a2 v. | ||
| 505 | _aContenido : v.1 Antecedentes, organización, resultados y recomendaciones.--v.2 Trabajos de base | ||
| 590 |
_aBATCH-UPD _b10 _c20130110 _lUCH01 _h2241 |
||
| 590 |
_aBATCH-UPD _b10 _c20130410 _lUCH01 _h1536 |
||
| 590 |
_aBATCH-UPD _b10 _c20130914 _lUCH01 _h0624 |
||
| 590 |
_aCONVERSION _b10 _c20130109 _lUCH01 _h1326 |
||
| 650 | 1 | 4 |
_aBibliotecas agrícolas. _912540 |
| 650 | 1 | 4 |
_aBiblioteconomía _xConferencias. _912574 |
| 901 | _aBK | ||
| 942 | _cLIBRO | ||
| 949 |
_a026.006 R4 1953 _bBC _cB _d-116695 _eB _fv.1 _h12291 _i52397 _si |
||
| 949 |
_a026.006 R4 1953 _bBC _cB _d-116697 _eB _fv.2 _h12292 _i52397 _si |
||
| 999 |
_c47280 _d47280 |
||